| 000 | 01033nam a22002657a 4500 | ||
|---|---|---|---|
| 005 | 20170123164149.0 | ||
| 010 | _aA-981420 | ||
| 020 | _c90.00 | ||
| 035 | _aA-981420 | ||
| 037 | _bCen Lib / Ret | ||
| 040 |
_aDPL _bPN |
||
| 082 |
_a851 _bਸਰਦਾ |
||
| 100 |
_aਸਰਦਾਰ ਪੰਛੀ _9125123 |
||
| 245 |
_aਦਰਦ ਕਾ ਤਰਜੁਮਾ / _cਸਰਦਾਰ ਪੰਛੀ |
||
| 246 |
_aDard ka tarjuma / _bby Sardar Panchhi |
||
| 260 |
_aਅੰਮ੍ਰਿਤਸਰ _bਲੇਕ ਸਾਹਿਤ ਪ੍ਰਕਾਸ਼ਨ _c1999 |
||
| 270 |
_a186, ਗੀ੍ਲ ਔਵੀਨਿਊ _bਅੰਮ੍ਰਿਤਸਰ |
||
| 300 |
_a95p. _c22cm(Hb) |
||
| 650 |
_aਪੰਜਾਬੀ -- ਸਾਹਿਤ _9125124 |
||
| 650 |
_a ਪੰਜਾਬੀ ਕਵਿਤਾਵਾਂ _9125125 |
||
| 650 |
_aLiterature -- Punjabi _9125126 |
||
| 650 |
_aPunjabi Poetry _9125127 |
||
| 700 |
_aਸੰਪਾਦਕ ਗੁਰਬਚਨ ਸਿੰੰਘ ਭੁੱਲਰ _91256 |
||
| 942 |
_2ddc _cPN _h851 _mਸਰਦਾ |
||
| 999 |
_c110234 _d110234 |
||